| 000 | 00452nam a2200169Ia 4500 | ||
|---|---|---|---|
| 008 | 210719s2018 xx 000 0 und d | ||
| 041 | _akan | ||
| 082 | _a297.63K IBRP | ||
| 100 | _aIBRAHIM (Sayeed) | ||
| 245 | _aPravadi muhammad: jivana mattu sandesha | ||
| 260 |
_aMangalore _bShanti Prakashana _c2018 |
||
| 300 |
_a360 _bPB |
||
| 365 |
_b230 _cRs |
||
| 650 | _aIslam | ||
| 650 | _aIslam | ||
| 906 | _amattu ; muhammad:jivana ; Pravadi ; sandesha | ||
| 999 |
_c215830 _d215830 |
||